00608nam a2200181 a 450000500170000000800410001702000180005805000240007610000150010024500410011526000420015630000070019844000360020565000180024165000300025999900190028995201180030820140412111411.0070215s19uu xx 00 eng d a971-511-871-2 aBB 220.9bNo66 2005 aRock, Lois aNoah and the ark /cLois Rock; Text. aPhilippines :bOMF Literature,c2005. a15 aMy very first big bible stories aBible stories aBible-History of biblical c105686d105686 00104050aELbELcBBd2007-02-15eLib. Fundl0oBB 220.9 No66 2005pE10526r2014-04-12 00:00:00w2014-04-12yBK